|
|
|
|
| LEADER |
00915cam a2200253 7i4500 |
| 001 |
0000020478 |
| 005 |
20170218090000.0 |
| 008 |
080219 eng |
| 020 |
|
|
|a 9780735623934
|
| 020 |
|
|
|a 0735623937 (pbk.)
|
| 040 |
|
|
|a DLC
|
| 090 |
0 |
0 |
|a QA76.9.A25
|b H66 2007
|
| 100 |
1 |
|
|a Howard, Michael
|
| 245 |
1 |
0 |
|a Writing secure code for Windows Vista
|c Michael Howard, David LeBlanc.
|
| 260 |
|
|
|a Redmond, Washington:
|b Microsoft,
|c 2007.
|
| 300 |
|
|
|a xxii, 196 p.:
|b ill.;
|c 23 cm.
|
| 490 |
0 |
|
|a Secure software development series
|
| 504 |
|
|
|a Includes bibliographical references and index
|
| 650 |
0 |
0 |
|a Computer security
|
| 650 |
0 |
0 |
|a Operating systems (Computers)
|
| 650 |
0 |
0 |
|a Data encryption (Computer science)
|
| 700 |
1 |
|
|a LeBlanc, David
|
| 997 |
|
|
|a Communication, Visual Art & Computing, Faculty
|b Computing, Department
|
| 999 |
|
|
|a 0000030048
|b BOK
|c OPEN SHELF
|e 2nd Floor, Bestari Jaya
|